Review of the Fund's Income Position for FY 2010 and FY 2011.

Securing the recovery. The global recovery has been better than expected. The WEO projections see global output expanding by about 4u percent in 2010 and 2011. Extraordinary and coordinated policy intervention since the crisis has all but eliminated the risk of another Great Depression, laying the f...

Descripció completa

Dades bibliogràfiques
Autor corporatiu: International Monetary Fund
Format: Revista
Idioma:English
Publicat: Washington, D.C. : International Monetary Fund, 2010.
Col·lecció:Policy Papers; Policy Paper ; No. 2010/037
Matèries:
Accés en línia:Full text available on IMF
LEADER 01694cas a2200313 a 4500
001 AALejournalIMF020139
008 230101c9999 xx r poo 0 0eng d
020 |c 5.00 USD 
020 |z 9781498337526 
022 |a 2663-3493 
040 |a BD-DhAAL  |c BD-DhAAL 
110 2 |a International Monetary Fund. 
245 1 0 |a Review of the Fund's Income Position for FY 2010 and FY 2011. 
264 1 |a Washington, D.C. :  |b International Monetary Fund,  |c 2010. 
300 |a 1 online resource (38 pages) 
490 1 |a Policy Papers 
500 |a <strong>Off-Campus Access:</strong> No User ID or Password Required 
500 |a <strong>On-Campus Access:</strong> No User ID or Password Required 
506 |a Electronic access restricted to authorized BRAC University faculty, staff and students 
520 3 |a Securing the recovery. The global recovery has been better than expected. The WEO projections see global output expanding by about 4u percent in 2010 and 2011. Extraordinary and coordinated policy intervention since the crisis has all but eliminated the risk of another Great Depression, laying the foundation for recovery. Nevertheless, the recovery is proceeding at varying speeds-it is tepid and policy-dependent in many advanced economies, but solid in most emerging and developing economies. 
538 |a Mode of access: Internet 
650 7 |a Gold Profits  |2 imf 
650 7 |a Income  |2 imf 
650 7 |a Net  |2 imf 
650 7 |a PP  |2 imf 
650 7 |a Proceeds  |2 imf 
651 7 |a United States  |2 imf 
830 0 |a Policy Papers; Policy Paper ;  |v No. 2010/037 
856 4 0 |z Full text available on IMF  |u http://elibrary.imf.org/view/journals/007/2010/037/007.2010.issue-037-en.xml  |z IMF e-Library